Southville International School and Colleges
Your cart is empty.
  • Cart
  • Lists
    Public lists Eva Luna New books Lux_list list_1
    Your lists Log in to create your own lists
  • Log in to your account
  • Your cookies
  • Search history
Southville International School and Colleges
  • Advanced search
  • Recent comments
  • Most popular
  • Libraries

Log in to your account

Log in with GOOGLE


If you do not have an external account, but do have a local account, you can still log in:

  1. Home
  2. MARC view: Making your case :
Normal view MARC view ISBD view

Making your case : (Record no. 2259)

[ view plain ]
MARC details
000 -LEADER
fixed length control field 00845nam a22002657a 4500
003 - CONTROL NUMBER IDENTIFIER
control field OSt
005 - DATE AND TIME OF LATEST TRANSACTION
control field 20140310181727.0
008 - FIXED-LENGTH DATA ELEMENTS--GENERAL INFORMATION
fixed length control field 130624t xxu||||| |||| 00| 0 eng d
020 ## - INTERNATIONAL STANDARD BOOK NUMBER
International Standard Book Number 9780582382442
050 00 - LIBRARY OF CONGRESS CALL NUMBER
Classification number PE 1471
Item number .St888 2001
082 00 - DEWEY DECIMAL CLASSIFICATION NUMBER
Classification number IB 808.4
Item number .M28 2001
245 00 - TITLE STATEMENT
Title Making your case :
Remainder of title a practical guide to essay writing /
Statement of responsibility, etc edited by Rebecca Stott, Anna Snaith, and Rick Rylance.
260 ## - PUBLICATION, DISTRIBUTION, ETC. (IMPRINT)
Place of publication, distribution, etc Harlow, England ;
-- New York :
Name of publisher, distributor, etc Longman,
Date of publication, distribution, etc 2001.
300 ## - PHYSICAL DESCRIPTION
Extent ix, 154 p. :
Other physical details ill. ;
Dimensions 23 cm.
440 #0 - SERIES STATEMENT/ADDED ENTRY--TITLE
Title Speak-write series
562 ## - COPY AND VERSION IDENTIFICATION NOTE
Number of copies for circulation. 1 copy available in the collection
650 #0 - SUBJECT ADDED ENTRY--TOPICAL TERM
Topical term or geographic name as entry element English language
General subdivision Rhetoric.
650 #0 - SUBJECT ADDED ENTRY--TOPICAL TERM
Topical term or geographic name as entry element Essay
General subdivision Authorship.
650 #0 - SUBJECT ADDED ENTRY--TOPICAL TERM
Topical term or geographic name as entry element Report writing.
700 1# - ADDED ENTRY--PERSONAL NAME
Personal name Stott, Rebecca.
700 1# - ADDED ENTRY--PERSONAL NAME
Personal name Snaith, Anna.
700 1# - ADDED ENTRY--PERSONAL NAME
Personal name Rylance, Rick.
942 ## - ADDED ENTRY ELEMENTS (KOHA)
Source of classification or shelving scheme Library of Congress Classification
Koha item type Books
Holdings
Withdrawn status Lost status Source of classification or shelving scheme Damaged status Home library Current library Shelving location Date acquired Total Checkouts Full call number Barcode Date last seen Copy number Price effective from Koha item type
    Library of Congress Classification   Luxembourg Library Luxembourg Library International Baccalaureate Section 03/08/2013   PE 1471 .St888 2001 13972 05/25/2015 1 10/03/2013 Books

Making your case :

APA

Stott R., Snaith A. & Rylance R. (2001). Making your case. Harlow, England: Longman.

Chicago

Stott Rebecca, Snaith Anna and Rylance Rick. 2001. Making your case. Harlow, England: Longman.

Harvard

Stott R., Snaith A. and Rylance R. (2001). Making your case. Harlow, England: Longman.

MLA

Stott Rebecca, Snaith Anna and Rylance Rick. Making your case. Harlow, England: Longman. 2001.

  • Place hold
  • Print
  • Cite
  • Add to your cart (remove)
  • Save record
    BIBTEX Dublin Core MARCXML MARC (non-Unicode/MARC-8) MARC (Unicode/UTF-8) MARC (Unicode/UTF-8, Standard) MODS (XML) RIS
  • More searches
    Search for this title in:
    Other Libraries (WorldCat) Other Databases (Google Scholar) Online Stores (Bookfinder.com) Open Library (openlibrary.org)

Exporting to Dublin Core...

SOUTHVILLE LIBRARY

Southville International School and Colleges Library

1281 Tropical Ave. Cor. Luxembourg St., BF Homes International, Las Pinas City

Tel. No. 8256374 / 252358 Loc. 117/146

Powered by Koha